000 01546cam a22003374a 4500
999 _c23703
_d23703
001 13244284
003 NUST
005 20170606104059.0
008 030619s2003 enka b 001 0 eng c
010 _a 2003545084
015 _aGBA1-V4616
020 _a0471496669
035 _a(OCoLC)ocm48025024
040 _aDLC
_cRCMS
_dDLC
042 _apcc
050 0 0 _aTA347.F5
_bD66 2003
082 0 0 _a620.1/064/015118 DON
_222
100 1 _aDonéa, J.
_q(Jean)
_91937
245 1 0 _aFinite element methods for flow problems /
_cJean Donea and Antonio Huerta.
260 _aChichester ;
_aHoboken, NJ :
_bWiley,
_cc2003.
300 _axi, 350 p. :
_bill. ;
_c24 cm.
504 _aIncludes bibliographical references (p. 323-344) and index.
520 _a"The objective [of this book] is to present the fundamentals of stabilized finite element methods for the analysis of steady and time-dependent convection-diffusion and fluid dynamics problems with an engineering rather than a mathematical bias." -- p. xi.
538 _iShelf No 1 Row No 3
650 0 _aFinite element method.
_91938
650 0 _aGalerkin methods.
_91939
650 0 _aFluid dynamics
_xMathematical models.
_91940
700 1 _aHuerta, Antonio,
_d1959-
_91941
856 4 2 _3Publisher description
_uhttp://www.loc.gov/catdir/description/wiley037/2003545084.html
856 4 1 _3Table of contents
_uhttp://www.loc.gov/catdir/toc/wiley032/2003545084.html
906 _a7
_bcbc
_cpccadap
_d2
_encip
_f20
_gy-gencatlg
942 _2ddc
_cBK